000 00336nam a2200145Ia 4500
008 150301s2015 xx 000 0 und d
082 _a610.72
_bR12K
100 _aKUMAR, RANJIT
245 _aRESEARCH METHODOLOGY
250 _a11TH
260 _bPEARSON EDU. ASSTRALIA
300 _a352
650 _aPHARMACEUTICS
942 _2ddc
_cBK
999 _c7362
_d7362